000
00294nam a2200133Ia 4500
100
_a
Chandrupatla/Tirupathi R
942
_c
BK
654
_a
finite
245
_a
Finite element analysis
260
_b
Universities Press
_c
2004
082
_a
620.0015
_b
CHA
300
_a
253
546
_a
ENGLISH
999
_c
18941
_d
18941